000 00593nab a2200229 a 4500
001 66217
003 139047
005 20201118110256.0
008 ||||||n9999 ||| || ||
041 _aspa
100 _aRoux Rengifo, Francisco de
245 0 _aToma de conciencia civil y desmonte de la inversion social :
_bpp.30-63
260 _aBogotá :
_bCNP,
_c1997.
300 _app.30-63
562 _e0
650 _aANALISIS DE COYUNTURA
650 _aCONTEXTO SOCIAL
650 _aINVERSIÓN SOCIAL
650 _aPAZ
773 _066184
_aEl salto social :
942 _cANADG
999 _c66217
_d66217